Normal view
MARC view
Entry Genre/Form Term
001 - CONTROL NUMBER
- control field: 19318
003 - CONTROL NUMBER IDENTIFIER
- control field: ARRUPE
005 - DATE AND TIME OF LATEST TRANSACTION
- control field: 20150904135951.0
008 - FIXED-LENGTH DATA ELEMENTS
- fixed length control field: 150904|| aca||aabn | a|a d
040 ## - CATALOGING SOURCE
- Original cataloging agency: ARRUPE
- Transcribing agency: ARRUPE
155 ## - HEADING--GENRE/FORM TERM
- Genre/form term: Electronic books.
670 ## - SOURCE DATA FOUND
- Source citation: Work cat.: (ARRUPE)0: Ashcroft, Bill, and Ahluwalia, Pal 1946- 19315, Edward Said, 2001.